000
00299nam a22001337a 4500
008
170817b xxu||||| |||| 00| 0 eng d
020
_a
9783827410290
041
_a
ger
080
_a
51
100
_a
36
101
_a
MAT
245
_a
ALGORITHMEN UND DATENSTRUKTUREN
_c
OTTMANN,T
942
_2
udc
_c
BK
999
_c
23829
_d
23829